[Event "OLNO 1920 SF Berlin III - Greifswalder "]
[Site "?"]
[Date "2020.03.01"]
[Round "7.1"]
[White "Leisner, Hannes"]
[Black "Nogly, Christoph"]
[Result "0-1"]
[WhiteElo "2249"]
[BlackElo "2266"]
[PlyCount "104"]
[EventDate "2020.??.??"]

1. Nf3 d5 2. c4 e6 3. g3 dxc4 4. Bg2 a6 5. a4 Nc6 6. Qc2 Na5 7. O-O Nf6 8. Na3
Qd5 9. Rd1 Bd7 10. d3 Nb3 11. Rb1 Bxa4 12. dxc4 Qa5 13. Bd2 Nxd2 14. Qxd2 Qxd2
15. Rxd2 Bb4 16. Rd4 c5 17. Rd6 Bc6 18. Ne5 Bxg2 19. Kxg2 Ba5 20. Rdd1 Ke7 21.
Nc2 Rhd8 22. Nd3 Rac8 23. f3 Ne8 24. Ne3 Nd6 25. b3 f6 26. g4 Nf7 27. h4 Bc3
28. Nf4 Bd4 29. Nd3 Bc3 30. Nf4 Ne5 31. Kg3 Bd4 32. Nfg2 Bxe3 33. Nxe3 Nc6 34.
f4 Rxd1 35. Nxd1 Rd8 36. Nc3 Rd2 37. Ne4 Rxe2 38. Nxc5 Nd4 39. b4 Re3+ 40. Kg2
Rc3 41. Nxb7 Rxc4 42. Nc5 a5 43. bxa5 Rxc5 44. Rb7+ Kd6 45. Rxg7 Rxa5 46. Rxh7
Ra2+ 47. Kg3 Ra3+ 48. Kg2 Ne2 49. f5 exf5 50. g5 Nf4+ 51. Kf1 fxg5 52. hxg5 Rg3
0-1

[Event "OLNO 1920 SF Berlin III - Greifswalder "]
[Site "?"]
[Date "2020.03.01"]
[Round "7.2"]
[White "Hoffmann, Udo"]
[Black "Stubbe, Wilko"]
[Result "1/2-1/2"]
[WhiteElo "2316"]
[BlackElo "2214"]
[PlyCount "97"]
[EventDate "2020.??.??"]

1. e4 e6 2. d4 d5 3. Nc3 Nf6 4. e5 Nfd7 5. f4 c5 6. Nf3 Nc6 7. Be3 Qb6 8. a3
cxd4 9. Nxd4 Nxd4 10. Bxd4 Bc5 11. Na4 Qa5+ 12. b4 Qxa4 13. bxc5 O-O 14. c4 Qc6
15. cxd5 exd5 16. Rc1 f6 17. exf6 Nxf6 18. Be2 Bf5 19. O-O Qe6 20. h3 Be4 21.
Rc3 Rac8 22. Rg3 Rc7 23. Qa1 Kh8 24. Rg5 h6 25. Re5 Qf7 26. f5 Re7 27. a4 a6
28. Qb2 Rxe5 29. Bxe5 Qd7 30. Qd4 Rf7 31. g4 Qc6 32. a5 Kh7 33. h4 Nd7 34. Bd6
Rf6 35. Be7 Rf7 36. Bd6 Rf6 37. Rd1 Rf7 38. Rd2 Qc8 39. Bf1 Qd8 40. Qf2 Qxa5
41. Rb2 Qa1 42. Rxb7 Qc3 43. Qb2 Qe3+ 44. Qf2 Qc3 45. Qb2 Qf3 46. Qg2 Qd1 47.
Qe2 Qd4+ 48. Qf2 Qc3 49. Qb2 1/2-1/2

[Event "OLNO 1920 SF Berlin III - Greifswalder "]
[Site "?"]
[Date "2020.03.01"]
[Round "7.4"]
[White "Noetzel, Felix"]
[Black "Fromm, Marius"]
[Result "1/2-1/2"]
[WhiteElo "2267"]
[BlackElo "2189"]
[PlyCount "48"]
[EventDate "2020.??.??"]

1. c4 c5 2. Nf3 Nc6 3. e3 Nf6 4. Nc3 e6 5. d4 d5 6. a3 a6 7. dxc5 Bxc5 8. b4
Ba7 9. Bb2 O-O 10. Qc2 Qe7 11. Rd1 Rd8 12. Be2 dxc4 13. Bxc4 b5 14. Bd3 Bb7 15.
O-O Rac8 16. Qb1 Bb8 17. Ne4 Nxe4 18. Bxe4 f5 19. Rxd8+ Rxd8 20. Bc2 Nxb4 21.
axb4 Bxf3 22. gxf3 Bxh2+ 23. Kxh2 Qh4+ 24. Kg2 Qg5+ 1/2-1/2

[Event "OLNO 1920 SF Berlin III - Greifswalder "]
[Site "?"]
[Date "2020.03.01"]
[Round "7.5"]
[White "Skibbe, Willi"]
[Black "Van Hasselt, Frank"]
[Result "1-0"]
[WhiteElo "2167"]
[BlackElo "2239"]
[PlyCount "97"]
[EventDate "2020.??.??"]

1. c4 d6 2. Nf3 e5 3. Nc3 f5 4. g3 c6 5. b4 Be7 6. b5 e4 7. Nd4 Bf6 8. e3 Ne7
9. Be2 O-O 10. O-O Kh8 11. Qb3 c5 12. Nc2 Be6 13. Bb2 Bg8 14. f3 d5 15. fxe4
dxe4 16. Rad1 Qe8 17. d3 exd3 18. Bxd3 Nd7 19. e4 fxe4 20. Bxe4 Ne5 21. Ne3 Rb8
22. Ncd5 Nxd5 23. Bxd5 Nd7 24. Rfe1 Bxb2 25. Qxb2 Nf6 26. Bxg8 Kxg8 27. Nd5 Qh5
28. Nxf6+ Rxf6 29. Qe5 Qxe5 30. Rxe5 b6 31. Re7 h5 32. Rdd7 Rg6 33. Kg2 Rf8 34.
h4 Rff6 35. Re8+ Kh7 36. Re5 Rg4 37. Rxa7 Rd6 38. Rxh5+ Kg6 39. Rd5 Rxd5 40.
cxd5 Rd4 41. Ra6 Rxd5 42. Rxb6+ Kf5 43. a4 Ke4 44. Re6+ Kf5 45. Rc6 Ke4 46. b6
Rd2+ 47. Kh3 Rb2 48. a5 Kd5 49. Rc8 1-0

[Event "OLNO 1920 SF Berlin III - Greifswalder "]
[Site "?"]
[Date "2020.03.01"]
[Round "7.6"]
[White "Weber, Daniel"]
[Black "Weber, Max"]
[Result "1/2-1/2"]
[WhiteElo "2123"]
[BlackElo "2246"]
[PlyCount "116"]
[EventDate "2020.??.??"]

1. d4 Nf6 2. c4 c5 3. d5 b5 4. cxb5 a6 5. f3 axb5 6. e4 Qa5+ 7. Bd2 b4 8. Na3
d6 9. Nc4 Qd8 10. Bg5 Nbd7 11. Bxf6 Nxf6 12. e5 dxe5 13. Nxe5 Qd6 14. f4 g6 15.
Bb5+ Bd7 16. Bc4 Bg7 17. Ngf3 O-O 18. O-O Rfd8 19. Nc6 Bxc6 20. dxc6 Qxf4 21.
Qe2 Ng4 22. Bxf7+ Qxf7 23. Ng5 Qd5 24. Qxg4 Qd4+ 25. Qxd4 Bxd4+ 26. Kh1 Rdc8
27. Rae1 Bf6 28. Ne4 Rxc6 29. a3 bxa3 30. bxa3 c4 31. g4 h6 32. Nxf6+ Rxf6 33.
Rxf6 exf6 34. Re6 c3 35. Rxf6 Rc8 36. Rf1 c2 37. Rc1 Kf7 38. Kg2 Ke6 39. Kf2
Ke5 40. Ke3 Rc3+ 41. Kd2 Rxa3 42. Rxc2 Rh3 43. Ke1 Kf4 44. Kf1 Kxg4 45. Kg2 Ra3
46. Rc4+ Kh5 47. h4 Ra2+ 48. Kg3 Ra3+ 49. Kg2 g5 50. hxg5 hxg5 51. Rb4 Ra2+ 52.
Kg3 Ra3+ 53. Kg2 Ra2+ 54. Kg3 Ra1 55. Rc4 Rg1+ 56. Kh3 g4+ 57. Kh2 Re1 58. Rc8
Re5 1/2-1/2

[Event "OLNO 1920 SF Berlin III - Greifswalder "]
[Site "?"]
[Date "2020.03.01"]
[Round "7.7"]
[White "Stopsack, Malte"]
[Black "Offermann, Fernando"]
[Result "0-1"]
[WhiteElo "2230"]
[BlackElo "2163"]
[PlyCount "106"]
[EventDate "2020.??.??"]

1. e4 c5 2. Nf3 d6 3. c3 Nf6 4. Be2 Nbd7 5. d3 b6 6. O-O Bb7 7. Re1 e6 8. Nbd2
Be7 9. a4 a6 10. Nf1 Qc7 11. Bf4 h6 12. h3 O-O 13. Ng3 Rac8 14. Bf1 Ne5 15. Nh2
Rfe8 16. Bc1 Bf8 17. f4 Ned7 18. Ng4 e5 19. c4 exf4 20. Nxf6+ Nxf6 21. Bxf4 g6
22. Qd2 Kh7 23. Nh1 Bg7 24. Be2 Rcd8 25. Nf2 Nd7 26. Ng4 h5 27. Ne3 Ne5 28. Rf1
Bc6 29. Bg5 Rb8 30. Bf6 Bh6 31. g4 d5 32. g5 dxe4 33. Nd5 Bxd5 34. cxd5 exd3
35. Bxd3 c4 36. Be4 Bg7 37. Qf4 Bxf6 38. Qxf6 Rbd8 39. Rae1 Rd6 40. Qf4 b5 41.
Re2 Kg8 42. Rfe1 Rd7 43. Bg2 Rde7 44. Qf6 Qc5+ 45. Kh1 Ng4 46. Qxe7 Rxe7 47.
Rxe7 Nf2+ 48. Kh2 Qd6+ 49. Kg1 Nd3 50. Re8+ Kg7 51. R1e4 Qg3 52. axb5 axb5 53.
Rd4 Qf2+ 0-1

[Event "OLNO 1920 SF Berlin III - Greifswalder "]
[Site "?"]
[Date "2020.03.01"]
[Round "7.8"]
[White "Mcgowan, Daniel"]
[Black "Kuersten, Ruediger"]
[Result "1/2-1/2"]
[WhiteElo "2108"]
[BlackElo "2194"]
[PlyCount "80"]
[EventDate "2020.??.??"]

1. e4 c6 2. d4 d5 3. e5 Bf5 4. Nf3 e6 5. Be2 h6 6. O-O Ne7 7. Nbd2 g5 8. Nb3
Nd7 9. a4 Bg7 10. Ne1 c5 11. c3 Nc6 12. dxc5 Ncxe5 13. Nd3 Qc7 14. f4 Nxd3 15.
Bxd3 Bxd3 16. Qxd3 Nxc5 17. Nxc5 Qxc5+ 18. Be3 Qc7 19. f5 Qc4 20. Qxc4 dxc4 21.
Rad1 b6 22. fxe6 fxe6 23. a5 Rf8 24. axb6 Rxf1+ 25. Kxf1 axb6 26. Rd6 Kf7 27.
Rxb6 Be5 28. h3 Kf6 29. Ke2 h5 30. Rb5 Rb8 31. Rxb8 Bxb8 32. Kf3 Kf5 33. g4+
hxg4+ 34. hxg4+ Kf6 35. Ke4 Bh2 36. Bd4+ e5 37. Bb6 Ke6 38. Bc7 Bf4 39. Bb8 Bh2
40. Bc7 Bf4 1/2-1/2

[Event "OLNO 1920 SC Kreuzberg - SF Berlin III"]
[Site "?"]
[Date "2021.08.14"]
[Round "8.1"]
[White "Nogly, Christoph"]
[Black "Thesing, Matthias"]
[Result "0-1"]
[WhiteElo "2274"]
[BlackElo "2310"]
[PlyCount "86"]
[EventDate "2021.??.??"]

1. d4 Nf6 2. Nf3 d5 3. g3 c6 4. Bg2 Bf5 5. c4 e6 6. Nc3 Be7 7. Qb3 Qb6 8. c5
Qxb3 9. axb3 Ne4 10. Bf4 Nd7 11. h4 O-O 12. b4 a6 13. Nd1 h6 14. Ne3 Bh7 15.
Ng4 f6 16. Bh3 Bf5 17. Nfh2 h5 18. Nh6+ gxh6 19. Bxf5 exf5 20. Bxh6 Rfe8 21.
Bf4 b6 22. Nf1 a5 23. f3 axb4 24. Rxa8 Rxa8 25. fxe4 Ra1+ 26. Kf2 fxe4 27. cxb6
Nxb6 28. Rg1 Kf7 29. Nd2 Rxg1 30. Kxg1 Nc4 31. b3 Nxd2 32. Bxd2 Ke6 33. Kg2 Kf5
34. Kh3 c5 35. dxc5 Bxc5 36. e3 Bf8 37. Be1 Bh6 38. Bf2 Bf8 39. Be1 Bd6 40. Bd2
Bc5 41. Bc1 d4 42. exd4 Bxd4 43. Bd2 Bc5 0-1

[Event "OLNO 1920 SC Kreuzberg - SF Berlin III"]
[Site "?"]
[Date "2021.08.14"]
[Round "8.2"]
[White "Muse, Drazen"]
[Black "Hoffmann, Udo"]
[Result "1/2-1/2"]
[WhiteElo "2340"]
[BlackElo "2313"]
[PlyCount "46"]
[EventDate "2021.??.??"]

1. e4 c5 2. Nf3 e6 3. Nc3 Nc6 4. Bb5 Nge7 5. O-O a6 6. Bxc6 Nxc6 7. d4 cxd4 8.
Nxd4 Be7 9. Be3 Qc7 10. Qg4 Bf6 11. Rad1 O-O 12. Nxc6 Qxc6 13. Qg3 Bxc3 14.
bxc3 Qxe4 15. Rd4 Qxc2 16. Rc1 Qf5 17. Rf4 Qh5 18. Rh4 Qf5 19. Rg4 g6 20. Bh6
Re8 21. Rf4 Qh5 22. Rh4 Qf5 23. Rf4 Qh5 1/2-1/2

[Event "OLNO 1920 SC Kreuzberg - SF Berlin III"]
[Site "?"]
[Date "2021.08.14"]
[Round "8.3"]
[White "Noetzel, Felix"]
[Black "Maetzkow, Maximilian Paul"]
[Result "1/2-1/2"]
[WhiteElo "2263"]
[BlackElo "2248"]
[PlyCount "52"]
[EventDate "2021.??.??"]

1. e4 c5 2. Nf3 d6 3. d4 cxd4 4. Nxd4 Nf6 5. Nc3 g6 6. Be3 Bg7 7. f3 a6 8. Qd2
h5 9. Be2 Nbd7 10. O-O O-O 11. a4 Qc7 12. a5 b5 13. axb6 Nxb6 14. Nb3 Nc4 15.
Bxc4 Qxc4 16. Ra4 Qc7 17. Rfa1 Rb8 18. Bd4 Re8 19. Qf2 Be6 20. Rxa6 Bxb3 21.
cxb3 Rxb3 22. Bxf6 Bxf6 23. Nd5 Qc5 24. Nxf6+ exf6 25. Qxc5 dxc5 26. Ra8 Rxa8
1/2-1/2

[Event "OLNO 1920 SC Kreuzberg - SF Berlin III"]
[Site "?"]
[Date "2021.08.14"]
[Round "8.4"]
[White "Glantz, Robert"]
[Black "Van Hasselt, Frank"]
[Result "1-0"]
[WhiteElo "2319"]
[BlackElo "2227"]
[PlyCount "101"]
[EventDate "2021.??.??"]

1. d4 d6 2. Nf3 Bg4 3. e4 Nf6 4. Bd3 c6 5. O-O Nbd7 6. c3 e5 7. Re1 Be7 8. Nbd2
O-O 9. h3 Bh5 10. Nf1 b5 11. g4 Bg6 12. Ng3 Rb8 13. Qe2 a6 14. Nh4 Ne8 15. Ng2
Nc7 16. Nf5 c5 17. Nxe7+ Qxe7 18. d5 c4 19. Bc2 Nc5 20. b4 cxb3 21. axb3 Rfc8
22. f3 Ra8 23. Be3 Ne8 24. Ra2 Qb7 25. Rea1 Rc7 26. Bd2 Rcc8 27. Ne3 f6 28. Kg2
Nc7 29. Kh2 Rd8 30. h4 h6 31. h5 Bh7 32. b4 Nd7 33. Bd3 Nb6 34. Nf5 Ne8 35. Ne3
Nc7 36. c4 bxc4 37. Nxc4 Nb5 38. Nxb6 Nd4 39. Qf2 Qxb6 40. Rxa6 Rxa6 41. Rxa6
Qb7 42. Bc3 f5 43. gxf5 Qf7 44. Bxd4 Qxh5+ 45. Kg2 exd4 46. Qg3 Qg5 47. Qxg5
hxg5 48. b5 Kf7 49. b6 Rb8 50. Ra7+ Kf6 51. b7 1-0

[Event "OLNO 1920 SC Kreuzberg - SF Berlin III"]
[Site "?"]
[Date "2021.08.14"]
[Round "8.5"]
[White "Weber, Daniel"]
[Black "Moritz, Aron"]
[Result "1/2-1/2"]
[WhiteElo "2125"]
[BlackElo "2207"]
[PlyCount "118"]
[EventDate "2021.??.??"]

1. d4 d6 2. Nf3 Bg4 3. e4 Nf6 4. Bd3 c6 5. O-O Nbd7 6. c3 e5 7. Re1 Be7 8. Nbd2
O-O 9. h3 Bh5 10. Nf1 b5 11. g4 Bg6 12. Ng3 Rb8 13. Qe2 a6 14. Nh4 Ne8 15. Ng2
Nc7 16. Nf5 c5 17. Nxe7+ Qxe7 18. d5 c4 19. Bc2 Nc5 20. b4 cxb3 21. axb3 Rfc8
22. f3 Ra8 23. Be3 Ne8 24. Ra2 Qb7 25. Rea1 Rc7 26. Bd2 Rcc8 27. Ne3 f6 28. Kg2
Nc7 29. Kh2 Rd8 30. h4 h6 31. h5 Bh7 32. b4 Nd7 33. Bd3 Nb6 34. Nf5 Ne8 35. Ne3
Nc7 36. c4 bxc4 37. Nxc4 Nb5 38. Nxb6 Nd4 39. Qf2 Qxb6 40. Rxa6 Rxa6 41. Rxa6
Qb7 42. Bc3 f5 43. gxf5 Qf7 44. Bxd4 Qxh5+ 45. Kg2 exd4 46. Qg3 Qg5 47. Qxg5
hxg5 48. b5 Kf7 49. b6 Rb8 50. Ra7+ Kf6 51. b7 g6 52. Be2 Kg7 53. Kf1 Kf7 54.
Kg2 Ra8 55. Kh3 Rxa7 56. Kg3 Ra2 57. Kg4 Ra5 58. Kxg5 Ra7 59. f4 Kg7 1/2-1/2

[Event "OLNO 1920 SC Kreuzberg - SF Berlin III"]
[Site "?"]
[Date "2021.08.14"]
[Round "8.6"]
[White "Lehmann, Klaus"]
[Black "Offermann, Fernando"]
[Result "1/2-1/2"]
[WhiteElo "2223"]
[BlackElo "2175"]
[PlyCount "67"]
[EventDate "2021.??.??"]

1. e4 c5 2. c3 d6 3. d4 Nf6 4. dxc5 Nc6 5. Qd3 dxc5 6. Qxd8+ Nxd8 7. f3 Bd7 8.
Be3 Rc8 9. a4 e6 10. Nd2 Be7 11. Nh3 O-O 12. Nf2 Nc6 13. Be2 Rfd8 14. O-O Be8
15. Nc4 Nd7 16. a5 Nde5 17. f4 Nxc4 18. Bxc4 Rb8 19. e5 b6 20. axb6 axb6 21.
Rfd1 Na5 22. Rxd8 Rxd8 23. Bd3 Rb8 24. Be4 h6 25. g3 Kf8 26. Kf1 Bd7 27. Ke1
Ke8 28. Nd3 Nc6 29. Kd2 Kd8 30. Kc2 Kc7 31. Nf2 Na5 32. Bf3 Bb5 33. Ne4 Rd8 34.
Nf2 1/2-1/2

[Event "OLNO 1920 SC Kreuzberg - SF Berlin III"]
[Site "?"]
[Date "2021.08.14"]
[Round "8.7"]
[White "Lindhauer, Thorben"]
[Black "Glienke, Manfred"]
[Result "1/2-1/2"]
[WhiteElo "1937"]
[BlackElo "2231"]
[PlyCount "106"]
[EventDate "2021.??.??"]

1. d4 Nf6 2. c4 e6 3. Nf3 d5 4. Bg5 Be7 5. Nc3 O-O 6. e3 Nbd7 7. Rc1 c6 8. Bd3
dxc4 9. Bxc4 Nd5 10. Bxe7 Qxe7 11. O-O Nxc3 12. Rxc3 e5 13. dxe5 Nxe5 14. Nxe5
Qxe5 15. Qd2 Bf5 16. Rd1 Qe7 17. Bd3 Be6 18. Qc2 g6 19. Bc4 Bxc4 20. Rxc4 Rad8
21. h3 Rxd1+ 22. Qxd1 Rd8 23. Rd4 Rxd4 24. Qxd4 c5 25. Qd5 b6 26. b3 Kg7 27. a4
Qe6 28. Qd3 h5 29. h4 Kf6 30. g3 Ke7 31. Kf1 Qd7 32. Qc4 Kd8 33. Ke1 Kc8 34. a5
Qe6 35. Qa6+ Kb8 36. Qb5 Kb7 37. a6+ Kc7 38. Qd3 Kc6 39. Qc2 b5 40. Qa2 Qd5 41.
Qa5 Qd3 42. Qa1 Qd6 43. Qh8 Kb6 44. Qg7 Qe6 45. Qf8 Qd7 46. e4 Qe6 47. f3 Kxa6
48. Qxc5 Qxb3 49. Qc6+ Ka5 50. Qc7+ Kb4 51. Qd6+ Ka5 52. Qc7+ Kb4 53. Qd6+ Ka5
1/2-1/2

[Event "OLNO 1920 SC Kreuzberg - SF Berlin III"]
[Site "?"]
[Date "2021.08.14"]
[Round "8.8"]
[White "Ellers, Holger"]
[Black "Skogvall, Martina"]
[Result "1-0"]
[WhiteElo "2354"]
[BlackElo "1992"]
[PlyCount "61"]
[EventDate "2021.??.??"]

1. d4 Nf6 2. c4 e6 3. g3 d5 4. Bg2 c6 5. Nf3 Bb4+ 6. Bd2 Be7 7. O-O O-O 8. Qc2
Nbd7 9. Bf4 Ne4 10. Nc3 Ndf6 11. Ne5 Nxc3 12. Qxc3 Bd7 13. Rad1 Be8 14. Qc2 Nd7
15. e4 f6 16. Nd3 g5 17. Be3 dxe4 18. Bxe4 f5 19. Bg2 Bg6 20. f4 Bf6 21. Qb3
Nb6 22. Nc5 Bf7 23. Nxb7 Qe7 24. Na5 Rfc8 25. fxg5 Bxg5 26. Nxc6 Bxe3+ 27. Qxe3
Qe8 28. Qg5+ Bg6 29. Ne7+ Kf7 30. Nxc8 Rxc8 31. b3 1-0

[Event "OLNO 1920 SC Rotation Pankow - SG Lok B"]
[Site "?"]
[Date "2021.08.14"]
[Round "8.1"]
[White "Rehberg, Raphael"]
[Black "Dauth, Benjamin"]
[Result "0-1"]
[WhiteElo "2215"]
[BlackElo "2278"]
[PlyCount "75"]
[EventDate "2021.??.??"]

1. e4 c5 2. Nf3 Nc6 3. Bb5 g6 4. O-O Bg7 5. Re1 Nh6 6. c3 O-O 7. d4 cxd4 8.
cxd4 f6 9. d5 Ne5 10. Nxe5 fxe5 11. d6 e6 12. Be3 a6 13. Be2 b5 14. a4 Bb7 15.
f3 Bc6 16. axb5 axb5 17. Na3 Qb8 18. Bc5 Rc8 19. b4 Qb7 20. Qd3 Rcb8 21. Nc2
Nf7 22. Ra5 Bf8 23. Rea1 Rxa5 24. Rxa5 Qc8 25. Na3 Rb7 26. Nxb5 Qb8 27. Nc7
Rxb4 28. Bxb4 Qxb4 29. Ra1 Nxd6 30. Kh1 Qb7 31. Na6 Bb5 32. Qc2 Qb6 33. Qb2 Qf2
34. Qxe5 Bxe2 35. Nc7 Bxf3 36. gxf3 Qxf3+ 37. Kg1 Nxe4 38. Ra8 0-1

[Event "OLNO 1920 SC Rotation Pankow - SG Lok B"]
[Site "?"]
[Date "2021.08.14"]
[Round "8.2"]
[White "Neumeier, Lars"]
[Black "Walter, Guenter"]
[Result "1-0"]
[WhiteElo "2306"]
[BlackElo "2144"]
[PlyCount "123"]
[EventDate "2021.??.??"]

1. d4 Nf6 2. Nf3 g6 3. c4 d6 4. Nc3 Bg7 5. e4 O-O 6. Be2 Nbd7 7. O-O e5 8. d5
Nc5 9. Qc2 a5 10. Nd2 Bd7 11. Nb3 b6 12. Nxc5 bxc5 13. b3 Kh8 14. Rb1 Ng8 15.
a3 f5 16. b4 axb4 17. axb4 Bh6 18. bxc5 dxc5 19. f4 Qe7 20. Bb2 Bg7 21. fxe5
Bxe5 22. Nb5 Nf6 23. exf5 Bxf5 24. Bd3 Bxd3 25. Qxd3 Bxb2 26. Rxb2 Ng4 27. Qc3+
Kg8 28. Re1 Qf7 29. h3 Nh6 30. Rbe2 Nf5 31. Rf2 Qd7 32. Re6 Ng7 33. Rxf8+ Rxf8
34. Rc6 Qf7 35. Nxc7 Qf2+ 36. Kh2 Qf4+ 37. Qg3 Qxc4 38. Qe5 Rf5 39. Qd6 Qe2 40.
Rxc5 Rf2 41. Qd8+ Rf8 42. Qg5 Rf5 43. Qg4 Qe5+ 44. Qg3 Qd4 45. Rc1 Qd2 46. Rb1
Nh5 47. Qd6 Nf4 48. Qd8+ Kg7 49. Ne6+ Nxe6 50. Qe7+ Kh6 51. dxe6 Qf4+ 52. Kh1
Qe4 53. Rd1 Rf2 54. Rg1 Re2 55. Qf8+ Kg5 56. e7 Re3 57. Rf1 Rxh3+ 58. Kg1 Re3
59. Qf6+ Kh5 60. Rf4 Qb1+ 61. Kh2 g5 62. g4+ 1-0

[Event "OLNO 1920 SC Rotation Pankow - SG Lok B"]
[Site "?"]
[Date "2021.08.14"]
[Round "8.3"]
[White "Urban, Hans-Rainer"]
[Black "Seils, Joerg"]
[Result "1/2-1/2"]
[WhiteElo "2041"]
[BlackElo "2322"]
[PlyCount "43"]
[EventDate "2021.??.??"]

1. d4 Nf6 2. Nf3 e6 3. c4 d5 4. e3 Be7 5. Nc3 O-O 6. cxd5 exd5 7. Bd3 c6 8. Qc2
Nbd7 9. Bd2 Re8 10. h3 Bd6 11. O-O Nf8 12. e4 dxe4 13. Nxe4 Nxe4 14. Bxe4 Ng6
15. Rfe1 Bd7 16. Bc3 Be6 17. Ng5 Bd5 18. Bxd5 cxd5 19. Qf5 h6 20. Nf3 Rxe1+ 21.
Rxe1 Ne7 22. Qd3 {(=)} 1/2-1/2

[Event "OLNO 1920 SC Rotation Pankow - SG Lok B"]
[Site "?"]
[Date "2021.08.14"]
[Round "8.4"]
[White "Bruchmann, Stephan"]
[Black "Rettig, Maik"]
[Result "0-1"]
[WhiteElo "2224"]
[BlackElo "2050"]
[PlyCount "82"]
[EventDate "2021.??.??"]

1. e4 e5 2. Nf3 Nc6 3. d4 exd4 4. Nxd4 Qf6 5. Nb5 Bc5 6. Qe2 Bb6 7. N1c3 Nge7
8. Be3 Ba5 9. O-O-O O-O 10. Nd5 Nxd5 11. exd5 Ne5 12. Nd4 d6 13. h3 Bd7 14. g3
Bb6 15. Bg2 Rae8 16. Rhe1 h6 17. Kb1 a6 18. f4 Ng6 19. Qd2 Re7 20. Bf2 Rfe8 21.
Rxe7 Rxe7 22. Nb3 Bxf2 23. Qxf2 Re8 24. Re1 Rxe1+ 25. Qxe1 Qe7 26. Qf2 c5 27.
dxc6 Bxc6 28. Bxc6 bxc6 29. a3 c5 30. Qf3 Qe1+ 31. Ka2 Nf8 32. Qd3 Ne6 33. Qxa6
Qxg3 34. Qxd6 c4 35. Nd4 Nxd4 36. Qxd4 Qxh3 37. Qxc4 Qd7 38. a4 h5 39. Qc3 Qe6+
40. b3 Qe4 41. Qd3 Qxd3 0-1

[Event "OLNO 1920 SC Rotation Pankow - SG Lok B"]
[Site "?"]
[Date "2021.08.14"]
[Round "8.5"]
[White "Schulz, Norbert"]
[Black "Guth, Thomas"]
[Result "0-1"]
[WhiteElo "2054"]
[BlackElo "2245"]
[PlyCount "164"]
[EventDate "2021.??.??"]

1. d4 e6 2. c4 Nf6 3. Nc3 Bb4 4. e3 O-O 5. Bd3 c5 6. Bd2 cxd4 7. exd4 d5 8. Nf3
Nc6 9. cxd5 exd5 10. O-O Bg4 11. a3 Be7 12. Be3 Re8 13. Be2 Ne4 14. Rc1 Bf6 15.
Re1 Rc8 16. h3 Bh5 17. Ne5 Bxe2 18. Nxc6 Rxc6 19. Nxe2 Rxc1 20. Qxc1 Qd7 21.
Qb1 Nd6 22. Qd3 Nc4 23. Bc1 Qb5 24. a4 Qxa4 25. b3 Qb4 26. Rd1 Nd6 27. Bd2 Qb5
28. Be3 Qxd3 29. Rxd3 Ne4 30. Nc3 Rd8 31. Kf1 Kf8 32. Ke2 Ke7 33. f3 Ng3+ 34.
Kd1 Nf5 35. Bf2 Kd6 36. g4 Bh4 37. Bg1 Re8 38. Bh2+ Bg3 39. Bxg3+ Nxg3 40. b4
h5 41. Nb5+ Kc6 42. Na3 Ne2 43. gxh5 a6 44. Kd2 Nf4 45. Rc3+ Kb6 46. Nc2 Nxh5
47. Rc5 Nf4 48. Ne3 Rd8 49. h4 g6 50. Ra5 Ka7 51. Rc5 Ne6 52. Rxd5 Rxd5 53.
Nxd5 Nxd4 54. h5 gxh5 55. Ke3 Ne6 56. f4 f5 57. Kf3 b6 58. Ne3 Nd4+ 59. Kg3 Kb7
60. Kh4 Ne6 61. Kg3 h4+ 62. Kxh4 Nxf4 63. Kg5 Nd3 64. Kxf5 Nxb4 65. Ke4 Kc6 66.
Kd4 a5 67. Nc4 Nc2+ 68. Kd3 Ne1+ 69. Ke2 Ng2 70. Kd3 Kc5 71. Kc3 Nf4 72. Kb3
Nd5 73. Ne5 b5 74. Nd3+ Kd4 75. Nb2 Nb6 76. Nd1 Kc5 77. Kc3 b4+ 78. Kc2 a4 79.
Kb2 Kd4 80. Ka2 Nc4 81. Nf2 b3+ 82. Kb1 a3 0-1

[Event "OLNO 1920 SC Rotation Pankow - SG Lok B"]
[Site "?"]
[Date "2021.08.14"]
[Round "8.6"]
[White "Jeske, Eckhard"]
[Black "Mueller, Klaus"]
[Result "1-0"]
[WhiteElo "2137"]
[BlackElo "1931"]
[PlyCount "99"]
[EventDate "2021.??.??"]

1. c4 e5 2. Nc3 Nf6 3. g3 d5 4. cxd5 Nxd5 5. Bg2 Nxc3 6. bxc3 Bc5 7. Rb1 c6 8.
d3 O-O 9. Nf3 e4 10. Nd4 exd3 11. Qxd3 Nd7 12. Bf4 Qf6 13. O-O Ne5 14. Qc2 Re8
15. Qb3 Bb6 16. a4 Ng6 17. Be3 Ne5 18. h3 c5 19. Nc2 Be6 20. Qa3 Nc4 21. Qc1
Nxe3 22. Nxe3 Re7 23. c4 Rd8 24. Kh2 h5 25. h4 Rd4 26. Kg1 Rdd7 27. Bd5 Qh6 28.
Rb2 Ba5 29. Rd1 Bb4 30. Rb3 a5 31. Rbd3 Qf6 32. Qc2 Bf5 33. Nxf5 Qxf5 34. e4
Qg6 35. f4 Kf8 36. Kf2 Qg4 37. e5 Qf5 38. Qe2 Qh3 39. Qxh5 Kg8 40. Bg2 Qe6 41.
Bd5 Qh3 42. Bxf7+ Rxf7 43. Rxd7 Be1+ 44. Rxe1 Qxd7 45. Qd1 Qe8 46. e6 Re7 47.
Qd6 Kf8 48. Re5 Qg6 49. f5 Qf6 50. Qd8+ 1-0

[Event "OLNO 1920 SC Rotation Pankow - SG Lok B"]
[Site "?"]
[Date "2021.08.14"]
[Round "8.7"]
[White "Leue, Lothar"]
[Black "Boetzer, Detlef"]
[Result "0-1"]
[WhiteElo "1781"]
[BlackElo "2197"]
[PlyCount "90"]
[EventDate "2021.??.??"]

1. d4 Nf6 2. c4 g6 3. Nc3 Bg7 4. Nf3 O-O 5. g3 d6 6. Bg2 Nbd7 7. O-O e5 8. dxe5
dxe5 9. Qc2 c6 10. Rd1 Qe7 11. e4 Re8 12. Bg5 h6 13. Bxf6 Bxf6 14. a3 Nb6 15.
b3 Bg4 16. h3 Bxf3 17. Bxf3 Rad8 18. Kg2 a5 19. a4 Qc5 20. Rxd8 Rxd8 21. Rd1 h5
22. Rxd8+ Bxd8 23. h4 Nd7 24. Nd1 Bb6 25. Nc3 Qd4 26. Nd1 Nc5 27. Ne3 Qd3 28.
Qxd3 Nxd3 29. Be2 Nc5 30. Bd1 Nxe4 31. Bc2 Nf6 32. Nf1 Nd7 33. Nd2 Bc5 34. f3
Be7 35. Ne4 Kg7 36. Nf2 Nc5 37. Nd1 Ne6 38. Nf2 Nd4 39. Bd1 f5 40. Nd3 e4 41.
fxe4 fxe4 42. Nf4 Nf5 43. Be2 Kf6 44. Kh3 Bd6 45. Bd1 Bxf4 0-1

[Event "OLNO 1920 SC Zitadelle-Spandau - SV Emp"]
[Site "?"]
[Date "2021.08.14"]
[Round "8.1"]
[White "Volke, Karsten"]
[Black "Engers, Felix"]
[Result "1-0"]
[WhiteElo "2452"]
[BlackElo "2198"]
[PlyCount "113"]
[EventDate "2021.??.??"]

1. e4 e5 2. Nf3 Nc6 3. Bb5 f5 4. d3 fxe4 5. dxe4 Nf6 6. O-O Bc5 7. Qd3 Nd4 8.
Nxd4 Bxd4 9. Nd2 O-O 10. Nf3 Bb6 11. Nxe5 Qe7 12. Nc4 Bc5 13. Be3 Bxe3 14. Nxe3
Qxe4 15. Qc3 c6 16. Bd3 Qf4 17. Qc4+ Qxc4 18. Nxc4 d5 19. Nd6 Rd8 20. Nxc8
Raxc8 21. Rfe1 Re8 22. f3 Kf7 23. Kf2 g6 24. g4 Rxe1 25. Rxe1 Re8 26. Rxe8 Nxe8
27. c4 Ke6 28. Ke3 Nd6 29. cxd5+ cxd5 30. Kd4 Nc8 31. f4 Ne7 32. Kc5 b6+ 33.
Kd4 Nc6+ 34. Ke3 Ne7 35. b4 Kd6 36. a3 a5 37. b5 Ng8 38. Kd4 Nf6 39. h3 Nd7 40.
Bc2 Nf8 41. h4 Ne6+ 42. Ke3 Nf8 43. g5 Ke6 44. Kd4 Nd7 45. Bb3 Nc5 46. Bxd5+
Kf5 47. Bg8 Kxf4 48. Kd5 Kg4 49. Kc6 Na4 50. Bxh7 Kxh4 51. Bxg6 Kxg5 52. Bc2
Nb2 53. Kxb6 Nc4+ 54. Kc5 Nxa3 55. b6 Nxc2 56. b7 Nb4 57. Kb5 1-0

[Event "OLNO 1920 SC Zitadelle-Spandau - SV Emp"]
[Site "?"]
[Date "2021.08.14"]
[Round "8.2"]
[White "Van der Veen, Terry"]
[Black "Thinius, Marco"]
[Result "0-1"]
[WhiteElo "2069"]
[BlackElo "2392"]
[PlyCount "84"]
[EventDate "2021.??.??"]

1. e4 c5 2. c3 d5 3. exd5 Qxd5 4. d4 Nf6 5. Nf3 e6 6. Be2 Nc6 7. O-O cxd4 8.
cxd4 Be7 9. Nc3 Qd6 10. Nb5 Qd8 11. Bf4 Nd5 12. Bg3 O-O 13. Bd3 a6 14. Nc3 Ncb4
15. Bb1 b5 16. a4 Bb7 17. Re1 Nxc3 18. bxc3 Nd5 19. Qd3 g6 20. h4 Qa5 21. h5
Qxc3 22. hxg6 hxg6 23. Qxc3 Nxc3 24. Ne5 Rfd8 25. axb5 axb5 26. Rxa8 Bxa8 27.
Nxg6 fxg6 28. Rxe6 Kf7 29. Rxe7+ Kxe7 30. Bh4+ Kf7 31. Bxg6+ Kxg6 32. Bxd8 b4
33. Be7 b3 34. Ba3 Nd1 35. f3 Kf5 36. Kf1 Bd5 37. Bc1 b2 38. g4+ Ke6 39. Bxb2
Nxb2 40. Kg2 Nd3 41. Kg3 Nc1 42. Kf2 Kf6 0-1